LEADER 01246nam0-22003491i-450 001 990001684790403321 005 20250801084608.0 035 $a000168479 035 $aFED01000168479 035 $a(Aleph)000168479FED01 100 $a20030910d18891891km-y0itay50------ba 101 0 $afre 102 $aFR 105 $a 001yy 200 1 $a<>engrais$fA. Müntz, A.Ch. Girard 210 $aParis$cTip. Firmin-Didot$d1889-1891 215 $a3 v.$d25 cm 327 $a1.: Alimentation des plantes, fumiers, engrais des villes, engrais vegetaux (5. ed. 1898)$a2.: Engrais azotes, engrais phosphates$a3.: Engrais potassiques, engrais calcaires, engrais divers, engrais composes : achat, transport, controle, experimentation des engrais (4. ed. 1896) 610 0 $aConcimazione 676 $a631.8 700 1$aMüntz,$bAchille$0331709 701 1$aGirard,$bCharles$f<1837-1918>$05981 801 0$aIT$bUNINA$gRICA$2UNIMARC 901 $aBK 912 $a990001684790403321 952 $a60 631.8 B 23$b3866 3807/08$fFAGBC 952 $aA CHI 1916-1$b03/3772/25$fFAGBC 952 $aA CHI 1916-2$b03/3773/25$fFAGBC 952 $aA CHI 1916-3$b03/3774/25$fFAGBC 959 $aFAGBC 996 $aEngrais$9371378 997 $aUNINA LEADER 02156nam0 2200481 i 450 001 PAR0877726 005 20251003044308.0 010 $a8837037945 020 $aIT$b2006-5238 100 $a20050926d2005 ||||0itac50 ba 101 | $aita 102 $ait 181 1$6z01$ai $bxxxe 182 1$6z01$an 200 1 $aBattaglie senza eroi$ei beni culturali tra istituzioni e profitto$fSalvatore Settis 210 $aMilano$cElecta$d[2005] 215 $a410 p.$d21 cm 225 | $aElecta per le belle arti 300 $aScritti già pubbli. in periodici vari. 410 0$1001MOD0772752$12001 $aElecta per le belle arti 606 $aPatrimonio culturale$xItalia$xTutela$2FIR$3SBLC129465$9I 606 $aPATRIMONIO CULTURALE$xItalia$xGestione$2FIR$3VEAC155093$9I 676 $a363.60945$9$v12 676 $a363.69$9SERVIZI PUBBLICI DI TUTELA DEI BENI CULTURALI$v21 676 $a363.690945$9$v19 676 $a363.690945$9$v20 676 $a363.690945$9SERVIZI PUBBLICI E ATTIVITA CONNESSE. TUTELA DEI BENI CULTURALI. Italia$v21 676 $a363.690945$9Servizi pubblici e attività connesse. Tutela dei beni culturali.Italia$v22 676 $a363.690945$9TUTELA DEI BENI CULTURALI. Italia$v23 696 $aTutela giuridica 699 $aTutela$zTutela giuridica 700 1$aSettis$b, Salvatore$3CFIV012209$4070$010347 801 3$aIT$bIT-000000$c20050926 850 $aIT-BN0095 $aIT-NA0079 $aIT-NA0581 $aIT-NA0707 901 $bNAP BN$cMAGAZZINO $nmagazzini correnti divisi per anni 901 $bNAP FC$cFONDO $n$ 901 $bNAP 01$cPOZZO LIB.$nVi sono collocati fondi di economia, periodici di ingegneria e scienze, periodici di economia e statistica e altri fondi comprendenti documenti di economia pervenuti in dono. 901 $bNAP MS$cS.33 $n$ 912 $aPAR0877726 950 0$aBiblioteca Centralizzata di Ateneo$d 01POZZO LIB.ECON MON 3615$e 0101 0070020395E VMA 1 v.$fB $h20221007$i20221007 977 $a 01$a BN$a FC$a MS 996 $aBattaglie senza eroi$965411 997 $aUNISANNIO